| 000 | 00581nam a2200205 a 4500 | ||
|---|---|---|---|
| 001 | 83295 | ||
| 003 | BD-RjUL | ||
| 005 | 20240311105239.0 | ||
| 008 | 240311s19651956enk 000 0 eng d | ||
| 035 | _a(BD-RjUL)83295 | ||
| 040 |
_aBGU _beng _cBD-RjUL |
||
| 041 | _aeng | ||
| 082 |
_223 _a823 _bJOL 1965 |
||
| 100 | 1 |
_aJohnson, Pamela Hansford, _d1912-1981 _912136 |
|
| 245 | 1 | 4 |
_aThe last resort : _ba novel / _cby Pamela Hansford Johnson. |
| 260 |
_aLondon : _bMacmillan, _c1956 (reprinted 1965) |
||
| 300 |
_a297 p.; _c21 cm. |
||
| 650 |
_aEnglish novel _911021 |
||
| 942 |
_2ddc _cBK |
||
| 999 |
_c83295 _d83295 |
||